Регионална библиотека "Любен Каравелов" - Русе

Скитница (Запис номер 88127)

MARC детайли
000 -Лидер
Контролно поле с фиксирана дължина 01301nam a2200361 c 4500
003 - Код на организацията, давaща контролен номер
Контролно поле BLK
005 - Дата и час на последна редакция
Контролно поле 20250331164834.0
008 - Елементи от данни с фиксирана дължина
fixed length control field 180408b bul|||||r ||||||| ||bul||
010 ## - Наследен системен номер
LC control number KNG00092783000
020 ## - Международен стандартен номер на книга ISBN
Международен стандартен номер на книга ISBN 978-954-28-0568-7
020 ## - Международен стандартен номер на книга ISBN
Международен стандартен номер на книга ISBN 9789542806271
040 ## - Източник на каталожния запис
Идентификатор на билиотеката - собственик на записа BLK
041 ## - Код за език
Код за езика на текст/звукозапис или на отделно заглавие Български
Код за езика КДБФ Български
080 ## - УДК
Текстов определител УДК Американска литература (на САЩ)
УДК код - определител по УДК 821.111(73)
УДК определител -312.4
УДК - код + определител 821.111(73)-312.4
100 1# - Редна дума - Автор
Автор Майър, Стефани
Авторска отговорност първи автор
R(LIN) 368972
139 ## - Редно поле
Редна дума Майър, Стефани
Авторски знак Маис - М 18
245 10 - Сведения за заглавието
Заглавие Скитница
Подзаглавни данни Роман
Редно поле (дума) Стефани Майър; прев. от англ. Павел Талев.
257 ## - Страна на издаване
Страна на създаване/издаване Съединени американски щати
260 ## - Област на издателските данни
Име на издателя, разпространителя и проч. Сиела Софт енд Паблишинг
Година на издаване 2009
300 ## - Физическа характеристика
Страници 680 с.
Размери/Мащаб 22 см
380 ## - Жанр
Жанр Худож. лит.
500 ## - Общи забележки
Забележка Без сведение за ориг. загл. ; Ориг. загл. The Host / Stephenie Meyer. - За автора.
653 ## - Ключова дума – ненормативна
Ключова дума трилъри
653 ## - Ключова дума – ненормативна
Ключова дума романи
700 1# - Други автори (авторска отговорност)
Лично име Талев, Павел
Автороска отговорност (Описва отношението между автора и произведението) прев. от англ.
9 (RLIN) 364722
852 ## - Местоположение
Форматна сигнатура Цб 246076
856 4# - Електронен адрес и достъп
Електронен формат pdf - файл
856 4# - Електронен адрес и достъп
Електронен формат pdf - файл
999 ## - СИСТЕМНИ КОНТРОЛНИ НОМЕРА
Koha biblionumber 88127
Koha biblioitemnumber 88127
942 ## - АРТИКУЛИ
Вид на библиотечния материал Книги
Скрит в OPAC Не
Koha issues (borrowed), all copies 20
944 ## - СЪЗДАВАНЕ И РЕДАКЦИЯ на ЗАПИСА
Създаване/Редакция Създаване
Дата на регистрацията/редакция 25.11.2009
Статус, дата на статуса Виолета Тройчева
Служител, извършил регистрацията/редакцията 30552
944 ## - СЪЗДАВАНЕ И РЕДАКЦИЯ на ЗАПИСА
Създаване/Редакция Редакция
Дата на регистрацията/редакция 05.04.2011
Статус, дата на статуса ф /
999 ## - СИСТЕМНИ КОНТРОЛНИ НОМЕРА
Koha biblioitemnumber 88127
Наличности
Код за отписване Код за изгубен артикул Източник на класификационната схема Код за повреда Коз за рестрикции Код за отдаване Артикулен № Име на библиотеката - собственик Име на библиотеката, в която се намира в момента Статус (Текущо местоположение) Дата на вписване в системата Местоположение - отдел Цена в лева Инвентарен номер Систематично азбучна сигнатура Баркод Номер на екземпляра Цена в евро Служебна бележка Служебен тип на артикула
  Не е изгубен Universal Decimal Classification Не е повреден без рестрикции заемане за дома 142745 Регионална библиотека "Любен Каравелов" Русе Регионална библиотека "Любен Каравелов" Русе Заемна - подръчен фонд 2009-11-25 Заемна - подръчен фонд 23.00 120000739954 П 820(73)-31/М 18 120000739954 1 11.76 Дост: Pk Вид: Ф N: 57 Дата: 19.11.2009 Дата инв: 13.02.2018 Бележки инв: П2018 Книги
Изтеглен Не е изгубен Universal Decimal Classification Не е повреден без рестрикции заемане за дома 142746 Регионална библиотека "Любен Каравелов" Русе Регионална библиотека "Любен Каравелов" Русе Количка 2009-11-25 Заемна - подръчен фонд 23.00 120000739955 П 820(73)-31/М 18 120000739955 2 11.76 Дост: Pk Вид: Ф N: 57 Дата: 19.11.2009 Дата инв: 13.02.2018 Бележки инв: П2018 Книги
Изтеглен Не е изгубен   Не е повреден без рестрикции заемане за дома 142747 Регионална библиотека "Любен Каравелов" Русе Регионална библиотека "Любен Каравелов" Русе Заемна - подръчен фонд 2009-11-25 Заемна - подръчен фонд 23.00 120000739956 П 820(73)-31/М 18 120000739956 3 11.76 Дост: Pk Вид: Ф N: 57 Дата: 19.11.2009 Книги
Изтеглен Не е изгубен Universal Decimal Classification Не е повреден без рестрикции заемане за дома 142748 Регионална библиотека "Любен Каравелов" Русе Регионална библиотека "Любен Каравелов" Русе Заемна - подръчен фонд 2009-11-25 Заемна - подръчен фонд 23.00 120000739957 П 820(73)-31/М 18 120000739957 4 11.76 Дост: Pk Вид: Ф N: 57 Дата: 19.11.2009 Книги
  Не е изгубен   Не е повреден без рестрикции ползва се в читалня 142749 Регионална библиотека "Любен Каравелов" Русе Регионална библиотека "Любен Каравелов" Русе Хранилище 2011-03-29 Основен фонд - ползва се само за читалня 18.00 120000750240 Цб 246076 120000750240 5 9.20 Дост: DA Вид: А N: 4 Дата: 29.03.2011 Книги
  Не е изгубен Universal Decimal Classification Не е повреден без рестрикции заемане за дома 690339 Регионална библиотека "Любен Каравелов" Русе Регионална библиотека "Любен Каравелов" Русе Заемна - подръчен фонд 2019-02-22 Заемна - подръчен фонд 18.00   П 820(73)-31/М 18 120000830348   9.20   Книги
Vip Innovations Ltd, Rousse, Bulgaria 2025